Contratos (Registro nro. 7344)
[ vista simple ]
| 000 -LEADER | |
|---|---|
| fixed length control field | 00877 a2200289 4500 |
| 001 - CONTROL NUMBER | |
| control field | 61626 |
| 005 - DATE AND TIME OF LATEST TRANSACTION | |
| control field | 20260407155906.0 |
| 008 - FIXED-LENGTH DATA ELEMENTS--GENERAL INFORMATION | |
| fixed length control field | 260407a1971 arg spa d |
| 003 - CONTROL NUMBER IDENTIFIER | |
| control field | AR-UNSa-BCEJYS |
| 040 ## - CATALOGING SOURCE | |
| Original cataloging agency | AR-UNSa-BCEJYS |
| Language of cataloging | spa |
| Transcribing agency | AR-UNSa-BCEJYS |
| 080 ## - UNIVERSAL DECIMAL CLASSIFICATION NUMBER | |
| Universal Decimal Classification number | 347.44 |
| Common auxiliary subdivision | Contratos en general. Obligaciones |
| 041 ## - LANGUAGE CODE | |
| Language code of text/sound track or separate title | spa |
| 100 1# - MAIN ENTRY--PERSONAL NAME | |
| Personal name | Videla Escalada, Federico N. |
| 245 10 - TITLE STATEMENT | |
| Title | Contratos |
| 264 #1 - PRODUCTION, PUBLICATION, DISTRIBUTION, MANUFACTURE, AND COPYRIGHT NOTICE | |
| Place of production, publication, distribution, manufacture | Buenos Aires : |
| Name of producer, publisher, distributor, manufacturer | Víctor P. de Zavalía |
| Date of production, publication, distribution, manufacture, or copyright notice | 1971 |
| 300 ## - PHYSICAL DESCRIPTION | |
| Extent | 2 v. (342 ; 310 p.) |
| Dimensions | 23 cm. |
| 590 ## - LOCAL NOTE (RLIN) | |
| Local note | niveau_biblio:m niveau_hierar:0 |
| 700 1# - ADDED ENTRY--PERSONAL NAME | |
| Personal name | Gastaldi, José María |
| 700 1# - ADDED ENTRY--PERSONAL NAME | |
| Personal name | Ovsejevich, Luis |
| 700 1# - ADDED ENTRY--PERSONAL NAME | |
| Personal name | Cobas, Manuel Osvaldo |
| 700 1# - ADDED ENTRY--PERSONAL NAME | |
| Personal name | Ravenna, Nelly Alicia |
| 700 1# - ADDED ENTRY--PERSONAL NAME | |
| Personal name | Casas de Chamorro Vanasco, María Luisa |
| 700 1# - ADDED ENTRY--PERSONAL NAME | |
| Personal name | Crivellari Lamarque, Elena |
| 700 1# - ADDED ENTRY--PERSONAL NAME | |
| Personal name | Stodart, Ana María |
| 700 1# - ADDED ENTRY--PERSONAL NAME | |
| Personal name | Erdozain, Martín Luis |
| 942 ## - ADDED ENTRY ELEMENTS (KOHA) | |
| Koha item type | |
| Withdrawn status | Lost status | Damaged status | Not for loan | Home library | Current library | Shelving location | Date acquired | Total checkouts | Full call number | Barcode | Date last seen | Price effective from | Koha item type |
|---|---|---|---|---|---|---|---|---|---|---|---|---|---|
| Biblioteca Prof. Eusebio Cleto del Rey | Biblioteca Prof. Eusebio Cleto del Rey | 07/04/2026 | 347.44 V652 v.1 | L25343 | 07/04/2026 | 07/04/2026 | Libro | ||||||
| Biblioteca Prof. Eusebio Cleto del Rey | Biblioteca Prof. Eusebio Cleto del Rey | 07/04/2026 | 347.44 V652 v.1 | L25345 | 07/04/2026 | 07/04/2026 | Libro | ||||||
| Biblioteca Prof. Eusebio Cleto del Rey | Biblioteca Prof. Eusebio Cleto del Rey | 07/04/2026 | 347.44 V652 v.2 | L25344 | 07/04/2026 | 07/04/2026 | Libro | ||||||
| Biblioteca Prof. Eusebio Cleto del Rey | Biblioteca Prof. Eusebio Cleto del Rey | 07/04/2026 | 347.44 V652 v.1 | L25346 | 07/04/2026 | 07/04/2026 | Libro |